Statistiques concernant Netflix Série

Cliquez ici pour prendre le quiz!

Statistiques générales

  • Ce quiz a été pris 9 274 fois
    (3 479 depuis la dernière actualisation)
  • Le résultat moyen est 20 sur 126

Statistiques - réponses

HintRéponse% Correct
1Stranger Things
70%
8Elite
63%
6La casa de Papel
60%
9Outerbanks
53%
10Riverdale
53%
7You
52%
4Squid game
50%
13Sex Education
49%
15The 100
49%
44Gossip Girl
47%
3Mercredi
46%
42Breaking bad
45%
11Lucifer
44%
2313 reasons why
40%
18Lupin
38%
40The walking dead
38%
51Prison Break
34%
24The Witcher
34%
27Mes premières fois
33%
17Umbrella Academy
32%
26Friends
31%
29Ginny & Georgia
31%
22Peaky Blinders
31%
49The crown
31%
5Emily in Paris
30%
48Narcos
30%
38Orange is the new black
29%
12Teen Wolf
29%
14Le jeu de la dame
26%
30Black Mirror
25%
32Dynastie
25%
114Insatiable
24%
39Pretty little liars
23%
77On my block
22%
41Vikings
22%
2La chronique des Bridgerton
21%
64Murder
21%
35The Flash
21%
61Les demoiselles du téléphone
19%
31Anne with an E
18%
33Cobra Kai
18%
54Shadowhunters
18%
99The rain
18%
59The society
17%
53Alice in borderland
16%
73Baby
16%
57Dark
16%
47Good girls
16%
45Outlander
16%
25Dahmer
15%
28Qui ment ?
15%
126The one
14%
92XO Kitty
14%
46Atypical
13%
34Arrow
12%
71Super Girl
12%
72Jane the virgin
11%
70The big bang theory
11%
80All of us are dead
10%
63La reine Charlotte : un chapitre Bridgerton
10%
50Ozark
10%
117Brooklyn nine nine
9%
78Control Z
9%
116Sex life
9%
96The night agent
9%
20Destin : la saga winx
8%
109Family Business
8%
21Qui a tué Sara ?
8%
69The order
8%
83Titans
8%
119Virgin river
8%
16Les nouvelles aventures de Sabrina
7%
36Ragnarok
7%
100Blood and Water
6%
74MAID
6%
43Sweet Tooth
6%
60The watcher
6%
98Valéria
6%
58American horror story
5%
19Locke & Key
5%
81The A list
5%
85The OA
5%
110Bienvenidos a Eden
4%
102El Silencio
4%
125First kill
4%
123How I met your mother
4%
66Plan coeur
4%
118Snowpiercer
4%
95Warrior Nun
4%
881899
3%
90Cursed
3%
103Downton Abbey
3%
111En un battement
3%
86Firefly lane
3%
97Glee
3%
104I'am not okay with this
3%
112Inventing Anna
3%
94Les 7 vies de Léa
3%
52Modern family
3%
91Resident Evil
3%
67Sandman
3%
93Shadow and bones
3%
68Sherlock
3%
75Gotham
2%
79Jessica Jones
2%
122L'impératrice
2%
55Perdus dans l'espace
2%
65Ratched
2%
89Red Rose
2%
84Unbelievable
2%
82V War
2%
124Another life
1%
107Archive 81
1%
56Bates motel
1%
105Clickbait
1%
108Colin en noir et blanc
1%
113Detox
1%
101Fubar
1%
76Inside man
1%
87Kaleidoscope
1%
106Lidia fait sa loi
1%
37Mon amie Adèle
1%
120Mr Robot
1%
121The nurse
1%
62Guide astrologique des coeurs brisés
0%
115Les désastreuses aventures des orphelins Beaudelaire
0%

Distribution des résultats

Percentile par nombre de réponses

% des personnes avec chaque résultat

Votre développement - résultats

Vous n’avez pas pris ce quiz depuis la dernière actualisation